Elementary functions : (Record no. 12230)

MARC details
000 -LEADER
fixed length control field 01027cam a2200301 i 4500
001 - CONTROL NUMBER
control field 307702
003 - CONTROL NUMBER IDENTIFIER
control field EG-ScBUE
005 - DATE AND TIME OF LATEST TRANSACTION
control field 20241003111641.0
008 - FIXED-LENGTH DATA ELEMENTS--GENERAL INFORMATION
fixed length control field 731116t1974 nyua f 001 0 eng d
020 ## - INTERNATIONAL STANDARD BOOK NUMBER
International Standard Book Number 070022453X
040 ## - CATALOGING SOURCE
Original cataloging agency DLC
Language of cataloging eng
Description conventions rda
Transcribing agency DLC
Modifying agency DLC
-- EG-ScBUE
082 04 - DEWEY DECIMAL CLASSIFICATION NUMBER
Classification number 515
Item number BUR
Edition number 22
100 1# - MAIN ENTRY--PERSONAL NAME
Personal name Burrowes, Theodore C.,
Relator term author.
9 (RLIN) 7675
245 10 - TITLE STATEMENT
Title Elementary functions :
Remainder of title an algorithmic approach /
Statement of responsibility, etc Theodore C. Burrowes, College of Wooster and Sharon K. Burrowes.
264 #1 - PUBLICATION, DISTRIBUTION, ETC. (IMPRINT)
Place of publication, distribution, etc New York ;
-- London :
Name of publisher, distributor, etc Intext Educational Publishers,
Date of publication, distribution, etc [1974]
264 #4 - PUBLICATION, DISTRIBUTION, ETC. (IMPRINT)
Date of publication, distribution, etc c1974
300 ## - PHYSICAL DESCRIPTION
Extent xix, 484 pages :
Other physical details illustrations ;
Dimensions 26 cm.
336 ## - CONTENT TYPE
Source rdacontent
Content type term text
Content type code txt
337 ## - MEDIA TYPE
Media type term unmediated
Source rdamedia
Media type code n
338 ## - CARRIER TYPE
Carrier type term volume
Carrier type code nc
Source rdacarrier
490 0# - SERIES STATEMENT
Series statement The Intext series in mathematics
500 ## - GENERAL NOTE
General note Includes index.
650 #7 - SUBJECT ADDED ENTRY--TOPICAL TERM
Topical term or geographic name as entry element Functions.
Source of heading or term BUEsh
9 (RLIN) 7676
650 #7 - SUBJECT ADDED ENTRY--TOPICAL TERM
Topical term or geographic name as entry element Functions
General subdivision Data processing.
Source of heading or term BUEsh
9 (RLIN) 7677
655 ## - INDEX TERM--GENRE/FORM
Form subdivision Reading book
700 1# - ADDED ENTRY--PERSONAL NAME
Personal name Burrowes, Sharon K.,
Relator term author.
9 (RLIN) 7678
942 ## - ADDED ENTRY ELEMENTS (KOHA)
Source of classification or shelving scheme Dewey Decimal Classification
Koha item type Book - Borrowing
Holdings
Withdrawn status Lost status Source of classification or shelving scheme Damaged status Not for loan Collection code Home library Current library Shelving location Date acquired Source of acquisition Cost, normal purchase price Total Checkouts Full call number Barcode Date last seen Price effective from Koha item type
    Dewey Decimal Classification     Alef-Baa Central Library Central Library First floor 07/07/2009 Purchase 150.00   515 BUR 000017341 15/07/2025 07/07/2009 Book - Borrowing